000 00653nam a22002297a 4500
003 SEACOMMC
005 20231114090712.0
008 231114b |||||||| |||| 00| 0 eng d
020 _cRs. 225.00
040 _aSEACOMMC
082 _a511
_bLEW
100 1 _aLewis, Harry R.
245 1 _aElements of the Theory of Computation
_cHarry R. Lewis and Christos H. Papadimitriou
250 _a2nd ed.
260 _aNew Delhi
_bPrentice-Hall
_c2002
650 _aMachine theory
650 _aComputational complexity
650 _aLogic, Symbolic and mathematical
650 _aFormal languages
700 1 _aPapadimitriou, Christos H.
942 _cBOOK
999 _c485
_d485